000
00354nam a2200157Ia 4500
003
0STCL
008
150530s9999 xx 000 0 und d
040
_a
STCL
_c
STCL
100
_a
Downer; Editor
245
_a
American theater
260
_b
Voice of America
_c
1967
546
_a
English
942
_2
ddc
_c
BK
999
_c
68169
_d
68169
005
20220125171355.0